| Tag |
First Indicator |
Second Indicator |
Subfields |
| LEADER |
00000cam a2200000 4500 |
| 001 |
in00000068874 |
| 005 |
20151008050846.0 |
| 008 |
720808s1966 xx b 00000 eng u |
| 010 |
|
|
|a 66025550
|
| 035 |
|
|
|a (OCoLC)00375048
|
| 035 |
|
|
|9 AAG3857AM
|
| 040 |
|
|
|c OUN
|d TXA
|d UtOrBLW
|
| 049 |
|
|
|a TXAM
|c [470481]
|
| 050 |
|
0 |
|a HC196.A1
|b C572
|
| 082 |
0 |
|
|a 333.9'1009861'5
|
| 092 |
|
|
|a 333.91
|b P855c, 1966
|
| 100 |
1 |
|
|a Posada F. Antonio J.
|
| 245 |
1 |
4 |
|a The CVC :
|b challenge to underdevelopment and traditionalism /
|c by Antonio J. Posada F. and Jeanne Anderson Posada.
|
| 250 |
|
|
|a [1st ed. in English].
|
| 264 |
|
1 |
|a Bogota :
|b Ediciones Tercer Mundo,
|c 1966.
|
| 300 |
|
|
|a 226 pages :
|b illustrations, folded maps (part color) ;
|c 25 cm.
|
| 336 |
|
|
|a text
|b txt
|2 rdacontent
|
| 337 |
|
|
|a unmediated
|b n
|2 rdamedia
|
| 338 |
|
|
|a volume
|b nc
|2 rdacarrier
|
| 490 |
0 |
|
|a Coleccion Aventura del desarrollo, 9
|
| 500 |
|
|
|a "This study is published simultaneously in English and Spanish."
|
| 504 |
|
|
|a Bibliography: pages 219-226.
|
| 610 |
2 |
0 |
|a Corporación Autónoma Regional del Cauca.
|
| 700 |
1 |
|
|a Posada, Jeanne Anderson,
|d 1924-
|
| 999 |
|
|
|a MARS
|
| 999 |
f |
f |
|s 696d4b3a-743d-3b4f-a501-f454c6ae2b64
|i 2aaa1ca8-70a0-333d-952a-f125a0a89136
|t 0
|
| 952 |
f |
f |
|p ric
|a Texas A&M University
|b Rellis Campus
|c Joint Library Facility
|d Remote Storage
|t 0
|e HC196.A1 C572
|h Library of Congress classification
|i unmediated -- volume
|m A14800741750
|
| 998 |
f |
f |
|a HC196.A1 C572
|t 0
|l Remote Storage
|